Logo BPK

Biblioteka

Politechniki Koszalińskiej

Zabezpieczanie przed korozją stalowych konstrukcji budowlanych za pomocą powłok malarskich : (Rekord nr 49855)

Szczegóły MARC
000 -ETYKIETA REKORDU
podpole kontrolne o stałej długości 01115nam a2200313 i 4500
001 - NUMER KONTROLNY REKORDU
pole kontrolne bg
020 ## - MIĘDZYNARODOWY ZNORMALIZOWANY NUMER KSIĄŻKI - ISBN
ISBN 9788324932313
040 ## - ŹRÓDŁO KATALOGOWANIA
Instytucja, która utworzyła rekord BPK
041 0# - KOD JĘZYKA
Kod języka tekstu pol
044 ## - KOD KRAJU WYDAWCY/PRODUCENTA
Kod kraju wydawcy/producenta POL
080 ## - UNIWERSALNA KLASYFIKACJA DZIESIĘTNA - UKD
UKD 624.014.2
080 ## - UNIWERSALNA KLASYFIKACJA DZIESIĘTNA - UKD
UKD 620.193
080 ## - UNIWERSALNA KLASYFIKACJA DZIESIĘTNA - UKD
UKD 620.197
080 ## - UNIWERSALNA KLASYFIKACJA DZIESIĘTNA - UKD
UKD 006.3/.8
080 ## - UNIWERSALNA KLASYFIKACJA DZIESIĘTNA - UKD
UKD (083.1)
920 ## - Międzynarodowy znormalizowany numer książki – ISBN
ISBN 978-83-249-3231-3
008 - POLE O STAŁEJ DŁUGOŚCI - DANE KONTROLNE
podpole kontrolne o stałej długości 111104s2010 pl a |000 0 pol
100 1# - NAZWA OSOBOWA
Nazwa osobowa Wójtowicz, Michał.
245 10 - TYTUŁ/ODPOWIEDZIALNOŚĆ
Tytuł Zabezpieczanie przed korozją stalowych konstrukcji budowlanych za pomocą powłok malarskich :
Ciąg dalszy tytułu instrukcja /
Pozostałe elementy strefy tytułu i oznaczenia odpowiedzialności Michal Wójtowicz ; [oprac. red. Danuta Szczepańska].
260 ## - STREFA ADRESU WYDAWNICZEGO
Miejsce wydania Warszawa :
Nazwa wydawcy/dystrybutora Instytut Techniki Budowlanej,
Data publikacji, dystrybucji/powstania dokumentu 2010.
300 ## - STREFA OPISU FIZYCZNEGO
Objętość 38 s. :
Inne cechy fizyczne il. (w tym kolor.) ;
Rozmiary 24 cm.
490 1# - STREFA SERII I DOKUMENTU WIELOCZĘŚCIOWEGO - FORMA NIE DO WYSZUKIWANIA
Tytuł i oznaczenie odpowiedzialności serii Instrukcje, Wytyczne, Poradniki / Instytut Techniki Budowlanej ;
Numeracja w obrębie serii 400/2010
650 #4 - HASŁO PRZEDMIOTOWE W FORMIE NAZWY OGÓLNEJ LUB JEDNOSTKOWEJ
Nazwa ogólna lub geograficzna Konstrukcje stalowe
Określnik ogólny ochrona i konserwacja
-- normalizacja
650 #4 - HASŁO PRZEDMIOTOWE W FORMIE NAZWY OGÓLNEJ LUB JEDNOSTKOWEJ
Nazwa ogólna lub geograficzna Korozja i erozja
Określnik ogólny zapobieganie i zwalczanie
650 #4 - HASŁO PRZEDMIOTOWE W FORMIE NAZWY OGÓLNEJ LUB JEDNOSTKOWEJ
Nazwa ogólna lub geograficzna Instrukcje
700 1# - HASŁO DODATKOWE - NAZWA OSOBOWA
Nazwa osobowa Szczepańska, Danuta.
Określenie związku między hasłem a opisywanym materiałem Oprac.
830 #0 - HASŁO DODATKOWE SERII LUB DOKUMENTU WIELOCZĘŚCIOWEGO - TYTUŁ UJEDNOLICONY
Tytuł ujednolicony Instrukcje, Wytyczne, Poradniki - Instytut Techniki Budowlanej ;
Oznaczenie tomu 400/2010
856 ## - LOKALIZACJA I DOSTĘP DO ELEKTRONICZNYCH DOKUMENTÓW ZDALNYCH
Link (URL) http://koha.tu.koszalin.pl/cgi-bin/koha/opac-detail.pl?biblionumber=49855
Tekst linku Katalog online BPK
942 ## - DODATKOWE ELEMENTY (KOHA)
Typ dokumentu Książka
Egzemplarze
Wycofany Status egzemplarza Uszkodzony Dostępność Lokalizacja stała Lokalizacja bieżąca Miejsce przechowywania Sygnatura Kod kreskowy Dział Typ dokumentu
      Tylko na miejscu Czytelnia Wydziału Elektroniki i Informatyki, Wydziału Architektury i Wzornictwa, Wydziału Inżynierii Mechanicznej i Energetyki oraz Wydziału Inżynierii Lądowej, Środowiska i Geodezji Czytelnia Wydziału Elektroniki i Informatyki, Wydziału Architektury i Wzornictwa, Wydziału Inżynierii Mechanicznej i Energetyki oraz Wydziału Inżynierii Lądowej, Środowiska i Geodezji Czytelnia Wydziałowa ul. Śniadeckich 2 S 2082 02200194 624.014 Konstrukcje metalowe Książka
© 2023 Biblioteka Politechniki Koszalińskiej :: KOHA